000 01501nam a2200373 i 4500
001 768714001
003 CO-MdFUSB
005 20260407082535.0
007 ta
008 250822t2009 -usa|||| |||| 00| 0 eng d
020 _a978-1-879737-69-3
040 _aCO-MdFUSB
_bspa
_cCO-MdFUSB
_dCO-MdFUSBC
_erda
041 _aeng
082 _223
_a236
_bW35
100 _aWaldron, Samuel E.,
_eautor
245 _aMore of the End Times Made Simple
_c/ Samuel E. Waldron
264 1 _aEstados Unidos :
_bCalvary Press Publishing,
_c[2009]
264 4 _c©2009
300 _a225 páginas
_c; 22 cm.
336 _2rdacontent
_atexto
_btxt
337 _2rdamedia
_asin mediación
_bn
338 _2rdacarrier
_avolumen
_bnc
500 _aPáginas resaltadas con color azul (209-220)
500 _aTabla de contenido traducida por agencia catalogadora
505 _aParte 1: El futuro de la iglesia -- La iglesia guerrera victoriosa (Mateo 16:18) -- El crecimiento de la semilla de mostaza (Lucas 13:10-21) -- ¡Dejad que ambos crezcan juntos! (Mateo 13:24-30, 36-43) -- Tribulación durante esta era (Mateo 24:1-36) -- Parte 2: El futuro de Israel -- El Israel de Dios en Gálatas 6:16 -- El templo de Dios en Ezequiel 40–48 -- El plan de Dios en Romanos 11
563 _aRústico
653 _aEscatología cristiana
653 _aProfecía bíblica
653 _a Israel — Doctrinas
653 _aIglesia — Doctrinas
942 _cBK
945 _aJTF-925
999 _c71417
_d71417